| 000 | 00490nam a2200169Ia 4500 | ||
|---|---|---|---|
| 999 |
_c2992 _d2992 |
||
| 003 | OSt | ||
| 005 | 20200907124310.0 | ||
| 008 | 190216s9999||||xx |||||||||||||| ||und|| | ||
| 040 | _coclc | ||
| 082 |
_a536.7 _bGLA/T |
||
| 100 |
_aGlasstone, Samuel _94184 |
||
| 245 | 0 |
_aThermodynamics For Chemists / _cSamuel Glasstone |
|
| 250 | _a3rd Ed. | ||
| 260 |
_bAffiliated East West Press, _c2002. _aMadras: |
||
| 300 | _a522p | ||
| 942 |
_cBK _2ddc _h536.7 _iGLA/T _k536.7 _mGLA/T |
||